[Event "IECC KO email"]
[Site "IECC email"]
[Date "1999.09.26"]
[Round "?"]
[White "Eberly, Tim"]
[Black "Roldan Ortiz, Antonio Jose"]
[Result "0-1"]
[WhiteElo "1794"]
[BlackElo "1978"]
[PlyCount "72"]
[EventDate "1999.??.??"]
[EventType "tourn (corr)"]
[EventRounds "6"]
[SourceTitle "Corr 2008"]
[Source "ChessBase"]
[SourceDate "2008.06.24"]
[SourceVersion "1"]
[SourceVersionDate "2008.06.24"]
[SourceQuality "1"]

1. e4 e5 2. Nf3 Nc6 3. Bc4 Nf6 4. Ng5 d5 5. exd5 Nd4 6. d6 Qxd6 7. Bxf7+ Ke7 8. Bb3 Nxb3 9. axb3 h6 10. Nf3 e4 11. Qe2 Kf7 12. Ng1 Bg4 13. Qb5 a6 14. Qc4+ Be6 15. Qc3 Nd5 16. Qd4 Re8 17. Ne2 Bg4 18. Nbc3 Nb4 19. Qxd6 Bxd6 20. Kd1 Rhf8 21. h3 Bh5 22. Rf1 Kg8 23. g4 Bg6 24. Nd4 Bc5 25. Nf5 Bxf5 26. gxf5 Rxf5 27. Re1 Bxf2 28. Rxe4 Rxe4 29. Nxe4 Bb6 30. c3 Nd3 31. Ke2 Nf4+ 32. Kf3 Nxh3+ 33. Kg4 Rf4+ 34. Kxh3 Rxe4 35. d4 Re1 36. Kg3 g5 0-1

[Event "IECC CL3-1999.36"]
[Site "IECC email"]
[Date "1999.09.15"]
[Round "?"]
[White "Eberly, Tim"]
[Black "Che Hassan, Abdullah"]
[Result "1-0"]
[WhiteElo "1776"]
[BlackElo "1824"]
[PlyCount "83"]
[EventDate "1999.??.??"]
[EventType "tourn (corr)"]
[EventRounds "4"]
[SourceTitle "Corr 2008"]
[Source "ChessBase"]
[SourceDate "2008.06.24"]
[SourceVersion "1"]
[SourceVersionDate "2008.06.24"]
[SourceQuality "1"]

1. e4 c5 2. Nf3 e6 3. d4 cxd4 4. Nxd4 a6 5. c4 d6 6. Nc3 Nc6 7. Be3 Nf6 8. f3 Be7 9. Nde2 0-0 10. Ng3 Bd7 11. Be2 Qc7 12. Qd2 Rfd8 13. Rc1 Rac8 14. 0-0 Ne5 15. b3 Bc6 16. Nd5 exd5 17. cxd5 Qd7 18. f4 Ng6 19. dxc6 bxc6 20. Bxa6 Ra8 21. Bd3 c5 22. Nf5 Bf8 23. Rfd1 Qa7 24. Rc2 d5 25. e5 Ng4 26. Be2 Nxe3 27. Qxe3 d4 28. Qf2 Ne7 29. Bd3 Nd5 30. Qg3 g6 31. Be4 Ne3 32. Nxe3 dxe3 33. Rxd8 Rxd8 34. Qxe3 Rd1+ 35. Kf2 Qd7 36. h3 Bh6 37. Rxc5 Rd2+ 38. Kg3 Rxa2 39. b4 Bf8 40. Rd5 Qa4 41. Ra5 Qd1 42. Rxa2 1-0

[Event "IECC CL3-1999.36"]
[Site "IECC email"]
[Date "1999.09.15"]
[Round "?"]
[White "McDonald, Graham R"]
[Black "Eberly, Tim"]
[Result "0-1"]
[WhiteElo "1972"]
[BlackElo "1781"]
[PlyCount "52"]
[EventDate "1999.??.??"]
[EventType "tourn (corr)"]
[EventRounds "4"]
[SourceTitle "Corr 2008"]
[Source "ChessBase"]
[SourceDate "2008.06.24"]
[SourceVersion "1"]
[SourceVersionDate "2008.06.24"]
[SourceQuality "1"]

1. e4 e6 2. d4 d5 3. Nc3 Nf6 4. Bg5 Be7 5. e5 Nfd7 6. h4 a6 7. Qg4 Bxg5 8. hxg5 c5 9. g6 f5 10. Qf4 cxd4 11. Rxh7 Rg8 12. Nce2 Qa5+ 13. Kd1 Nc6 14. Nf3 Qb6 15. Qh2 Qxb2 16. Rh8 Qxa1+ 17. Kd2 Rf8 18. Rxf8+ Nxf8 19. Qh8 Qxf1 20. Qxg7 Nxg6 21. Qxg6+ Kd8 22. Qg8+ Kc7 23. Qf8 Kb6 24. Qd6 Qxg2 25. Nfxd4 Qg5+ 26. f4 Qe7 0-1